01069naa a2200229 a 450000100080000000500110000800800410001902200150006010000320007524501460010726000090025352003820026265000150064465000230065965000140068265000250069670000200072170000190074170000200076070000200078077300390080021804802025-10-22 2023 bl uuuu u00u1 u #d a2526-8074.1 aNASCIMENTO, G. Q. S. DOS S. aAspectos reprodutivos de Wittmackia limae (Leme) Aguirre-Santoro (Bromeliaceae), uma espécie microendêmica da Bahia.h[electronic resource] c2023 aBromeliaceae é caracterizada por serem ervas epífitas, rupícolas ou terrestres com grande riqueza e diversidade de espécies. As bromélias são reportadas como um ótimo exemplo de radiação adaptativa, abrigando uma variedade de hábitos, tamanhos, colorações e potencialidades de uso, incluindo: ornamentais, alimentícios, produção de fibras, enzimas, entre outros. aBromelains aPlant reproduction aBromélia aReprodução Vegetal1 aSILVA, T. A. DA1 aAONA, L. Y. S.1 aSOUZA, F. V. D.1 aSOUZA, E. H. DE tRG Newsgv. 9, n. 1, p. 162, 2023.